Countries' most Popular YouTubers - #1 - Statistics

General Stats
  • This quiz has been taken 21 times
  • The average score is 4 of 20
Answer Stats
YouTuber Country % Correct
Like Nastya (125m) USA
72%
SQUEEZIE (19.3m) France
67%
Liziqi (23.7m) China
44%
Boram Tube ToysReview (14.7m) South Korea
39%
Enes Batur (16.3m) Turkey
28%
jacksepticeye (30.9m) Ireland
22%
LE GRAND JD (4m) Switzerland
22%
Platabush (10.6m) Malaysia
17%
Kitchen with Amnar (4.4m) Pakistan
17%
A4 (73.5m) Belarus
11%
Ekaterina Saibel (1.34m) Kazakhstan
11%
Omar Farooq (7.6m) Bahrain
6%
King GTA (1.91m) Libya
6%
Ranz Kyle (15.2m) Philippines
6%
Brilliant News (838k) Barbados
0%
twifacetube (22.3k) Chad
0%
Mimonona (7.09m) Panama
0%
BlackJack997 (4.78k) San Marino
0%
TasteoftheSouthPacific (15.6k) Tonga
0%
Dosogas (5.57m) Uruguay
0%
No matching quizzes found
Score Distribution
Percent of People with Each Score
Percentile by Number Answered
Your Score History
You have not taken this quiz